ՀՀ Գիտությունների ազգային ակադեմիայի հիմնարար գիտական գրադարան  =   Fundamental Scientific Library of NAS RA

Gyventi ir negyventi metal : (Record no. 113187)

MARC details
000 -LEADER
fixed length control field 00682nam a2200205 a 4500
001 - CONTROL NUMBER
control field 000306902
003 - CONTROL NUMBER IDENTIFIER
control field AM-YeHGA
005 - DATE AND TIME OF LATEST TRANSACTION
control field 20250618071951.0
008 - FIXED-LENGTH DATA ELEMENTS--GENERAL INFORMATION
fixed length control field 040210s1976 ai r 000 0 lit d
040 ## - CATALOGING SOURCE
Original cataloging agency AM-YeHGA
041 0# - LANGUAGE CODE
Language code of text/sound track or separate title lit
090 ## - LOCALLY ASSIGNED LC-TYPE CALL NUMBER (OCLC); LOCAL CALL NUMBER (RLIN)
-- 114526
100 1# - MAIN ENTRY--PERSONAL NAME
Personal name Պետրոսյան, Վարդգես Համազասպի,
Dates associated with a name 1932-1994
9 (RLIN) 1431
245 10 - TITLE STATEMENT
Title Gyventi ir negyventi metal :
Remainder of title Apysaka /
Statement of responsibility, etc. Vardgesas Petrosianas; Is arm. kalbos verte R. Janauskaite.
260 ## - PUBLICATION, DISTRIBUTION, ETC.
Place of publication, distribution, etc. Vilnius :
Name of publisher, distributor, etc. Vaga,
Date of publication, distribution, etc. 1976.
300 ## - PHYSICAL DESCRIPTION
Extent 200 с.
546 ## - LANGUAGE NOTE
Language note Кн. на литов. яз.
650 14 - SUBJECT ADDED ENTRY--TOPICAL TERM
Topical term or geographic name entry element Армянская литература
700 1# - ADDED ENTRY--PERSONAL NAME
Personal name Янаускайте, Рите.
Relator term пер.
Relationship trl
Holdings
Withdrawn status Lost status Damaged status Not for loan Collection Home library Current library Date acquired Total checkouts Full call number Barcode Date last seen Price effective from Koha item type Public note
        General Fundamental Scientific Library Fundamental Scientific Library 22/12/2016   891.981 110059163 22/12/2016 22/12/2016 Գրքեր / Books 30 Days Loan


ՀՀ ԳԱԱ հիմնարար գիտական գրադարան
ՀՀ,Երևան 0019
Մարշալ Բաղրամյան 24/6
հեռախոս:(374-10) 52-47-50
Հետադարձ կապ

All site content, except where otherwise noted, is licensed under a
Creative Commons License